|
|
|
|
| LEADER |
00000nam a2200000 a 4500 |
| 001 |
UCG7396 |
| 003 |
CL-VaPUC |
| 008 |
110727e20100000SP |||||||||||||||||spa|d |
| 020 |
|
|
|a 9788496258617o.c
|
| 020 |
|
|
|a 9788496775893t.4 v.2
|
| 082 |
0 |
4 |
|a 193
|b BEN
|2 21
|
| 100 |
|
|
|a Benjamin, Walter
|d 1892-1940
|e author
|9 269121
|
| 245 |
1 |
0 |
|a Obras
|
| 300 |
|
|
|a t
|
| 942 |
|
|
|c BK
|
| 945 |
|
|
|d 20110727 00:00:00
|a dcastane
|
| 260 |
|
|
|a Madrid
|b Abada
|c 2010
|
| 500 |
|
|
|a t.4 v.2: Artículos ilustrados. Modelos de audición. Historias y relatos. Miscelánea
|
| 650 |
|
0 |
|a Filosofía alemana
|9 265002
|
| 650 |
|
7 |
|a ROMANTICISMO EN LA FILOSOFIA
|2 CL-VaPUC
|9 542266
|
| 650 |
|
0 |
|a Metafísica
|9 265649
|
| 650 |
|
0 |
|a Filosofía de la historia
|9 265651
|
| 650 |
|
0 |
|a Estética
|9 264950
|
| 650 |
|
0 |
|a Política
|9 255312
|
| 583 |
|
|
|a last modification
|c 20110727 00:00:00
|k Rodrigo Vera
|
| 999 |
|
|
|c 345408
|d 345406
|
| 952 |
|
|
|0 0
|1 0
|4 0
|6 193_000000000000000_BEN_2010
|7 0
|8 X
|9 444104
|a BIBART
|b BIBART
|d 2019-11-22
|h t.4 v.2
|i 4788567
|o 193 BEN 2010
|p 4788567
|r 2025-03-13
|w 2019-11-22
|y BK_X
|k ART
|